| 000 | 01505nam0a2200373 4500 | ||
|---|---|---|---|
| 001 | RU\NLR\bibl\1427366 | ||
| 005 | 20250615220551.0 | ||
| 010 |
_a978-5-17-058372-0 _bАСТ |
||
| 010 |
_a978-5-271-23242-8 _bАстрель _94000 |
||
| 021 |
_aRU _b2009-67697 _94178 |
||
| 035 | _a(nilc)RSL-KNO-004376106 | ||
| 035 | _a(NLR Aleph) 001419287 | ||
| 090 |
_a1332296 _c1332296 |
||
| 100 | _a20090820d2009 |||y0rusy50 ca | ||
| 101 | 0 |
_arus _aeng |
|
| 102 | _aRU | ||
| 105 | _ay ||||||||| | ||
| 200 | 1 |
_aРусско-английский словарь _dRussian-English Dictionary _e30 000 английских словосочетаний к 1000 самых употребляемых слов _fМ. Р. Кауль, С. С. Хидекель _zeng |
|
| 210 |
_aМосква _cАСТ _cАстрель _d2009 |
||
| 215 |
_a446, [1] с. _d21 |
||
| 225 | 1 | _aСовременный словарь | |
| 300 | _aНа обл. авт. не указаны | ||
| 510 | 0 |
_aRussian-English Dictionary _zeng |
|
| 606 | 1 |
_aРусский язык _xСловари _xАнглийский язык _91536876 _3RU\NLR\auth\66971036 |
|
| 686 |
_aШ143.21-48 _2rubbk |
||
| 686 | _aШ141.12-491перев | ||
| 700 | 1 |
_aКауль _bМ. Р. _gМарина Рафаиловна _4070 |
|
| 701 | 1 |
_aХидекель _bС. С. _gСарра Соломоновна _4070 |
|
| 801 | 0 |
_aRU _bРКП _c20090820 _grcr |
|
| 801 | 1 |
_aRU _bРГБ _c20090820 |
|
| 801 | 2 |
_aRU _bNLR _c20091020 _grcr |
|
| 942 | _cBOOK | ||
| 980 | _aNB | ||